000 00785nas a2200265 4500
001 BR9703777
003 BR-BrBNA
005 20231205100358.0
007 ta
008 230509b bl.|||p| |||| 00| 00por d
040 _aBR-BrBNA
_bpor
_cBiblioteca Nacional de Agricultura
041 _a(Pt)
072 _aF01; F02
100 1 _aCuzzuol, G.R.F.
100 1 _aGallo, L.A.
100 1 _aCrocomo, D.J.
245 1 _aEnraizamento de cravo (Dianthus caryophyllus L.)in vitro e ex vitro
650 _aCravo
650 _aEnraizamento
650 _aMicropropagacao
650 _aRegulador de Crescimento
773 0 _tScientia Agricola (Brazil)
_xISSN 0103-9016
_g(Jan-Apr 1996), v. 53(1) p. 60-66
_wBR9703777
909 _a202311
_bLúcia
_c55
_dLúcia Elande
942 _2AGRIS
_n0
_cANA
999 _c155685
_d155685